Normal view
MARC view
Entry Personal Name
001 - CONTROL NUMBER
- control field: 21780
003 - CONTROL NUMBER IDENTIFIER
- control field: ARRUPE
005 - DATE AND TIME OF LATEST TRANSACTION
- control field: 20160126110516.0
008 - FIXED-LENGTH DATA ELEMENTS
- fixed length control field: 160126|| aca||aabn | a|a d
040 ## - CATALOGING SOURCE
- Original cataloging agency: ARRUPE
- Transcribing agency: ARRUPE
100 ## - HEADING--PERSONAL NAME
- Personal name: Gann, Lewis H.,
- Dates associated with a name: 1924-
670 ## - SOURCE DATA FOUND
- Source citation: Work cat.: (ARRUPE)0: Gann, Lewis H., 1924-, Huggins of Rhodesia;, [c1964]